000 01029nam a2200217 i 4500
001 159451
003 ES-MaACL
005 20230906211618.0
008 040913s1859 sp |||| | spa d
080 _a663.93:339.562(460)
080 _a663.93:339.564(540)
100 1 _aMercader y Sartorio, Luis.
_9150126
245 1 0 _aMemoria sobre las ventajas del tabaco filipino para el consumo de la península, presentada en 1857 al Excmo. Señor Ministro de Hacienda D. Alejandro Mon y al Ilustrísimo Sr. D. Isidoro Díaz y Argüelles, director general de Ultramar /
_cpor D. Luis Mercader y Sartorio.
260 _aMadrid :
_b[s.n.],
_c1859 (
_fImp. de T. Fortanet)
300 _a26 p. ;
_c23 cm.
530 _aDisponible en formato digital.
650 4 _aTabaco-
_zEspaña.
_9161276
650 4 _aTabaco-
_zFilipinas.
_9150125
852 4 _aES-MaACL
_jT-53-F-2
_z- Enc. hol., falto de cub. original
_z- Enc. en un vol. facticio
856 4 _uhttp://bdh-rd.bne.es/viewer.vm?id=0000065612&page=1
_zBiblioteca Digital Hispánica
999 _c159451
_d159451